000 00816nam a2200241Ia 4500
003 OSt
005 20220926010026.0
006 a|||||r|||| 00| 0
007 ta
008 220923b |||||||| |||| 00| 0 eng d
037 _cGeneral Book
040 _aRTL
_cRTL
_beng
041 _2eng
_aeng
082 _aVIN45,933P, N87, M9,32
110 _aUNITED NATIONS, GENERAL ASSEMBLY, OFFICIAL RECORDS:FOURTY FORTH SESSION
_9311656
245 0 _aReport of the committee on conferences
260 _a New Delhi
_bUnited Nations
_c1989
300 _aiv,103p
_ccm.
500 _aSupp.no. 32 A/44/32.issn:0255--1535
700 _aUNITED NATIONS, GENERAL ASSEMBLY, OFFICIAL RECORDS:FOURTY FORTH SESSION
_9311657
942 _hVIN45,933P, N87, M9,32
_cGB
_2CC
999 _c616127
_d616127